[Event "ZN-2011-0-01527"]
[Site "LSS email"]
[Date "2011.05.28"]
[Round "?"]
[White "Jordan, Miguel"]
[Black "Hernandez, Orlando"]
[Result "1-0"]
[WhiteElo "1023"]
[BlackElo "947"]
[PlyCount "87"]
[EventDate "2011.05.26"]
[EventType "match (corr)"]
[EventRounds "2"]
[EventCountry "GER"]
[SourceTitle "Telechess CBM 145"]
[Source "Chessbase"]
[SourceDate "2011.11.11"]
[SourceVersion "1"]
[SourceVersionDate "2011.11.11"]
[SourceQuality "1"]

1. e4 e5 2. Nf3 Nc6 3. Bc4 Nf6 4. Ng5 d5 5. exd5 Na5 6. Bb5+ c6 7. dxc6 bxc6 8. Qf3 Rb8 9. Bxc6+ Nxc6 10. Qxc6+ Nd7 11. d3 Be7 12. Ne4 Rb6 13. Qa4 0-0 14. 0-0 f5 15. Ned2 Nc5 16. Qa5 Bb7 17. Nc4 Rg6 18. f3 e4 19. Qxd8 Bxd8 20. fxe4 fxe4 21. Rxf8+ Kxf8 22. Be3 Na4 23. g3 exd3 24. cxd3 Bd5 25. Nbd2 Re6 26. Rf1+ Bf6 27. Rf5 Bxc4 28. Nxc4 Ke8 29. Bxa7 Re7 30. Bf2 Nxb2 31. Nxb2 Bxb2 32. Kf1 Be5 33. a4 g6 34. Rf3 Bc3 35. Re3 Rxe3 36. Bxe3 Kd7 37. Ke2 Kc6 38. Bd2 Be5 39. Kf3 h5 40. Ke4 Bc7 41. d4 Bd6 42. d5+ Kb6 43. Bf4 Bc5 44. Be3 1-0

[Event "OP-2011-0-01541"]
[Site "LSS email"]
[Date "2011.05.21"]
[Round "?"]
[White "Jordan, Miguel"]
[Black "Bieszk, Stanislaw"]
[Result "1-0"]
[WhiteElo "1023"]
[BlackElo "908"]
[PlyCount "27"]
[EventDate "2011.05.18"]
[EventType "tourn (corr)"]
[EventRounds "4"]
[EventCountry "GER"]
[SourceTitle "Corr 2013"]
[Source "ChessBase"]
[SourceDate "2012.11.12"]
[SourceVersion "1"]
[SourceVersionDate "2012.11.12"]
[SourceQuality "1"]

1. e4 e6 2. d4 d5 3. e5 c5 4. c3 Nc6 5. Nf3 Qb6 6. Bd3 Bd7 7. dxc5 Bxc5 8. 0-0 d4 9. b4 Bxb4 10. cxb4 Nxb4 11. Na3 Nxd3 12. Qxd3 Bc6 13. Nc4 Qc7 14. Nd6+ 1-0

[Event "OP-2011-0-01541"]
[Site "LSS email"]
[Date "2011.05.21"]
[Round "?"]
[White "Vodicka, Milan"]
[Black "Jordan, Miguel"]
[Result "1-0"]
[WhiteElo "1625"]
[BlackElo "1023"]
[PlyCount "61"]
[EventDate "2011.05.18"]
[EventType "tourn (corr)"]
[EventRounds "4"]
[EventCountry "GER"]
[SourceTitle "Telechess CBM 145"]
[Source "Chessbase"]
[SourceDate "2011.11.11"]
[SourceVersion "1"]
[SourceVersionDate "2011.11.11"]
[SourceQuality "1"]

1. d4 Nf6 2. c4 g6 3. g3 Bg7 4. Bg2 d6 5. Nf3 Nbd7 6. 0-0 0-0 7. Nc3 c5 8. e3 Qc7 9. Qe2 b6 10. b3 a6 11. Bb2 Bb7 12. Rfd1 Rac8 13. d5 Rfe8 14. Rd2 Ne5 15. Nxe5 dxe5 16. Rad1 Red8 17. f4 Ne8 18. Ne4 exf4 19. Bxg7 fxe3 20. Qxe3 Kxg7 21. Rf1 f6 22. Re2 h6 23. Nf2 e5 24. Ng4 g5 25. Be4 Qf7 26. Ref2 Rd6 27. Nxe5 Qe7 28. Ng6 Qf7 29. Bd3 Rc7 30. h4 Bc8 31. hxg5 1-0

[Event "ZN-2011-0-01477"]
[Site "LSS email"]
[Date "2011.05.05"]
[Round "?"]
[White "Galvein, Prospero"]
[Black "Jordan, Miguel"]
[Result "0-1"]
[WhiteElo "486"]
[BlackElo "991"]
[PlyCount "52"]
[EventDate "2011.05.01"]
[EventType "match (corr)"]
[EventRounds "2"]
[EventCountry "GER"]
[SourceTitle "Telechess CBM 145"]
[Source "Chessbase"]
[SourceDate "2011.11.11"]
[SourceVersion "1"]
[SourceVersionDate "2011.11.11"]
[SourceQuality "1"]

1. e4 c5 2. Nf3 Nc6 3. Nc3 e6 4. Bb5 Nd4 5. 0-0 a6 6. Ba4 Nxf3+ 7. Qxf3 b5 8. Bb3 c4 9. e5 Rb8 10. Bxc4 bxc4 11. Ne4 Bb7 12. d4 d5 13. Ng3 Ne7 14. Bg5 Qb6 15. b3 Qxd4 16. bxc4 Qxc4 17. c3 Ng6 18. Nf5 exf5 19. Qxf5 Bc8 20. e6 Bxe6 21. Rae1 Be7 22. Qc2 Bxg5 23. Re2 0-0 24. Rfe1 Nh4 25. Re5 Qg4 26. h3 Qxg2# 0-1